| 000 | 00472nam a2200157 i 4500 | ||
|---|---|---|---|
| 001 | 44043 | ||
| 003 | ES-MaACL | ||
| 007 | t| | ||
| 008 | 030320s1878 it ||||1| ita d | ||
| 245 | 0 | 0 |
_aCatálogo del Museo Kircheriano / _cpublicato per cura de Ettore de Ruggiero. |
| 260 |
_aRoma : _b[s.n.], _c1878 ( _fTipi. del Salvincci) |
||
| 300 |
_a1 v. ; _c23 cm. |
||
| 700 | 1 |
_aRuggiero, Ettore de. _9100562 |
|
| 710 | 2 |
_aMuseo Kircherinao. _95887 |
|
| 852 |
_aES-MaACL _jG-12508 |
||
| 999 |
_c44043 _d44043 |
||